header

Russian formalism and Anglo-American new criticism (Record no. 210947)

MARC details
000 -LEADER
fixed length control field 01584nam a2200385 a 4500
082 04 - DEWEY DECIMAL CLASSIFICATION NUMBER
Classification number 801/.95
100 1# - MAIN ENTRY--AUTHOR NAME
Personal name Thompson, Ewa M.
245 10 - TITLE STATEMENT
Title Russian formalism and Anglo-American new criticism
260 ## - PUBLICATION, DISTRIBUTION, ETC. (IMPRINT)
Place of publication The Hague :
Name of publisher Mouton,
Year of publication 1971.
300 ## - PHYSICAL DESCRIPTION
Number of Pages 160 p.
500 ## - GENERAL NOTE
General note Originally presented as the author's thesis, Vanderbilt University.
650 #0 - SUBJECT ADDED ENTRY--TOPICAL TERM
Topical Term Russian literature
Topical Term Criticism
Topical Term Criticism
Topical Term Formalism (Literary analysis)
Topical Term New Criticism.
856 40 - ELECTRONIC LOCATION AND ACCESS
Uniform Resource Identifier http://site.ebrary.com/lib/rucke/Doc?id=10585197

No items available.

© 2026 Rongo University
Contact us: librarian | system librarian | Rongo university